00218nam a2200085Ia 4500008004100000082002000041100002200061245002700083300002200110230907s9999||||xx |||||||||||||| ||und|| a696.028557bMCG aMcGowan, John J., 0aEnergy and analytics : axvii, 355 pages ;